| 000 | 00760nam a2200229 4500 | ||
|---|---|---|---|
| 003 | OSt | ||
| 005 | 20240619072714.0 | ||
| 006 | a | ||
| 008 | 240619b |||||||| |||| 00| 0 eng d | ||
| 020 | _a9789814410793 | ||
| 040 |
_aDWCL-Main lib. _cOC |
||
| 082 |
_2Second, Philippine edition _aCirc. 621.381 R223m 2012 |
||
| 100 | _aRashid, Muhammad H. | ||
| 245 | _aMicroelectronics circuit : analysis and design / | ||
| 250 | _aSecond, Philippine edition | ||
| 260 |
_aPasig City : _bCengage Learning Asia Pte Ltd., _cc2012. |
||
| 300 |
_axi, _b117 p. : ill. ; _c23 cm. |
||
| 504 | _aIncludes appendices & indexes. | ||
| 650 | _a1. Microelectronics. | ||
| 650 | _a2. Electronic circuit design. | ||
| 942 |
_2ddc _n0 _cBK-CIRC _eSecond, Philippine edition _kCirc. |
||
| 999 |
_c908 _d908 |
||